Pharmaceutical Jurisprudence (Record no. 13506)

MARC details
000 -LEADER
fixed length control field 00433nam a22001817a 4500
003 - CONTROL NUMBER IDENTIFIER
control field OSt
008 - FIXED-LENGTH DATA ELEMENTS--GENERAL INFORMATION
fixed length control field 250503b |||||||| |||| 00| 0 eng d
020 ## - INTERNATIONAL STANDARD BOOK NUMBER
International Standard Book Number 9789384266677
082 ## - DEWEY DECIMAL CLASSIFICATION NUMBER
Classification number 614.35 AGP
100 ## - MAIN ENTRY--PERSONAL NAME
Personal name Agarwal, S.P
245 ## - TITLE STATEMENT
Title Pharmaceutical Jurisprudence
250 ## - EDITION STATEMENT
Edition statement 1st
260 ## - PUBLICATION, DISTRIBUTION, ETC. (IMPRINT)
Place of publication, distribution, etc Delhi
Name of publisher, distributor, etc Birla
Date of publication, distribution, etc 2026
300 ## - PHYSICAL DESCRIPTION
Extent xv,300
650 ## - SUBJECT ADDED ENTRY--TOPICAL TERM
Topical term or geographic name as entry element Pharmaceutical Jurispridence
700 ## - ADDED ENTRY--PERSONAL NAME
Personal name Khanna, Rajesh
942 ## - ADDED ENTRY ELEMENTS (KOHA)
Source of classification or shelving scheme Dewey Decimal Classification
Koha item type Text Books
Holdings
Withdrawn status Lost status Source of classification or shelving scheme Damaged status Not for loan Collection code Home library Current library Date acquired Source of acquisition Currency Cost, normal purchase price Bill Number Total Checkouts Full call number Acc. no. / Barcode Date last seen Date last borrowed Actual Cost, discounted price Bill Date Koha item type Checked out
    Dewey Decimal Classification     Diploma in Pharmacy PIET C-LIBRARY PIET C-LIBRARY 03/05/2025 Zafaa Books Distributres Rs 320.00 ZBD0090 1 614.35 AGP DP1476 16/05/2026 04/05/2026 224.00 02/05/2025 Reference Books  
    Dewey Decimal Classification     Diploma in Pharmacy PIET C-LIBRARY PIET C-LIBRARY 03/05/2025 Zafaa Books Distributres Rs 320.00 ZBD0090 2 614.35 AGP DP1477 26/05/2026 26/05/2026 224.00 02/05/2025 Text Books 09/06/2026
    Dewey Decimal Classification     Diploma in Pharmacy PIET C-LIBRARY PIET C-LIBRARY 03/05/2025 Zafaa Books Distributres Rs 320.00 ZBD0090 3 614.35 AGP DP1478 28/05/2026 20/05/2026 224.00 02/05/2025 Text Books  

Design & Developed by: PIET Central Library
R70 Miles Stone Pattikalyana Samalkha Panipat 132102
mail ID :- [email protected], Phone No:- 0180-2569700 Ex.216